[Event "3rd CMA Futurity"]
[Site "Montreal CAN"]
[Date "2003.04.16"]
[Round "1"]
[White "Burnett,R"]
[Black "Roussel Roozmon,T"]
[Result "1-0"]
[WhiteElo "2442"]
[BlackElo "2244"]

1.d4 Nf6 2.c4 e6 3.g3 d5 4.Nf3 Be7 5.Bg2 O-O 6.O-O dxc4 7.Nc3 c5 8.dxc5 Bxc5
9.Qa4 Nc6 10.Qxc4 Be7 11.Rd1 Bd7 12.Bg5 Rc8 13.Qf4 h6 14.Bxf6 Bxf6 15.Ne4 Be7
16.Rd2 Qc7 17.Rad1 e5 18.Qe3 Be6 19.Nc5 Bxa2 20.Nd7 Rfd8 21.Bh3 Bb4 22.Rc2 Qa5
23.b3 Qa3 24.Ra1 Qxb3 25.Raxa2 Qxe3 26.fxe3 e4 27.Nd4 Nxd4 28.exd4 Rxc2 29.Rxc2 a5
30.e3 a4 31.Nb6 a3 32.Bf5 g6 33.Bxe4 Rd6 34.Nd5  1-0

[Event "Foxwoods Open"]
[Site "Connecticut USA"]
[Date "2003.04.18"]
[Round "2"]
[White "Gurevich,D"]
[Black "Fang,J"]
[Result "1/2-1/2"]
[WhiteElo "2498"]
[BlackElo "2314"]

1.c4 e6 2.Nf3 d5 3.d4 Nf6 4.g3 Be7 5.Bg2 O-O 6.Qc2 c5 7.dxc5 Na6 8.O-O Nxc5
9.cxd5 Nxd5 10.a3 Bd7 11.e4 Ba4 12.Qe2 Nb6 13.Be3 Nb3 14.Ra2 Rc8 15.Nc3 Qe8
16.Nd4 Bc5 17.Nxb3 Bxb3 18.Bxc5 Rxc5 19.Raa1 Qe7 20.Rfe1 Rd8 21.Rac1 Nc4
22.Nb1 b6 23.Bf1 Ne5 24.Qe3 Bc4 25.Bxc4 Nxc4 26.Qe2 b5 27.a4 a6 28.axb5 axb5
29.Rc3 h6 30.Rec1 Rdc8 31.Kg2 Ne5 32.f4 Nc4 33.h4 R5c6 34.b3 Na5 35.Rxc6 Rxc6
36.Rxc6 Nxc6 37.Qxb5 Nd4 38.Qc4 Qa7 39.Nc3 Nc2 40.Qe2 Nd4 41.Qe3 Qc5 42.Ne2 Qc2
43.Qxd4 Qxe2+ 44.Qf2 Qxe4+ 45.Qf3 Qc2+ 46.Kh3 h5  1/2-1/2

[Event "7th Neckar Open"]
[Site "Deizisau GER"]
[Date "2003.04.18"]
[Round "2"]
[White "Buhmann,R"]
[Black "Braun,P"]
[Result "1-0"]
[WhiteElo "2526"]
[BlackElo "2248"]

1.d4 Nf6 2.c4 e6 3.g3 d5 4.Nf3 Be7 5.Bg2 O-O 6.O-O dxc4 7.Qc2 a6 8.Qxc4 b5
9.Qc2 Bb7 10.Bf4 Bd6 11.Nbd2 Nbd7 12.Nb3 Be4 13.Qd2 Qe7 14.Rfc1 Rfc8 15.Ne5 Bxg2
16.Nxd7 Nxd7 17.Kxg2 Bxf4 18.Qxf4 c5 19.Nxc5 Nxc5 20.dxc5 Rxc5 21.Rxc5 Qxc5
22.Rc1 Qd5+ 23.Qf3 Qxf3+ 24.Kxf3 Kf8 25.Ke3 Ke8 26.Rc7 Rd8 27.Rc6 a5 28.Rc5 Rb8
29.Kd4 Kd7 30.e4 f6 31.f4 Kd6 32.e5+ fxe5+ 33.fxe5+ Kd7 34.Rc2 Rf8 35.Rc5 Rf2
36.Rxb5 Rxh2 37.a4 Kc6 38.b3 Rg2 39.Rxa5 Rxg3 40.Ra6+ Kb7 41.Rxe6 h5 42.b4 h4
43.Re7+ Kb6 44.Re6+ Kb7 45.Re8 Kc7 46.Rh8 g5 47.Rh7+ Kc6 48.b5+ Kb6 49.Rh6+ Kb7
50.a5 h3 51.Rh7+ Kc8 52.a6 Rg4+ 53.Kc5 Rh4 54.a7  1-0

[Event "Commonwealth Ch"]
[Site "Mumbai IND"]
[Date "2003.04.20"]
[Round "1"]
[White "Safin,S"]
[Black "Negi,V"]
[Result "1-0"]
[WhiteElo "2523"]
[BlackElo "2229"]

1.d4 d5 2.c4 e6 3.Nf3 Nf6 4.g3 Be7 5.Bg2 O-O 6.O-O b6 7.cxd5 exd5 8.Nc3 Bb7
9.Ne5 c6 10.Qa4 Bd6 11.Bg5 h6 12.Bxf6 Qxf6 13.f4 Qe6 14.e4 Bxe5 15.dxe5 Na6
16.exd5 cxd5 17.Qd4 Nc7 18.f5 Qe7 19.Kh1 Rfe8 20.Rae1 Qg5 21.h4 Qd8 22.Rd1 Qe7
23.Rfe1 Rad8 24.f6 Qf8 25.fxg7 Qxg7 26.Kh2 Ba8 27.Qa4 a6 28.Qb4 Qg6 29.Rd4 a5
30.Qa4 Bc6 31.Qd1 Kh8 32.Rg4 Qe6 33.Bh3 f5 34.Rf4 Rf8 35.Ne2 d4 36.Rxd4 Ra8  1-0

[Event "City-ch w"]
[Site "St Petersburg RUS"]
[Date "2003.04.21"]
[Round "5"]
[White "Bystryakova,E"]
[Black "Antoshkova,T"]
[Result "1-0"]
[WhiteElo "2197"]
[BlackElo "2103"]

1.d4 d5 2.c4 e6 3.Nf3 Nf6 4.g3 Be7 5.Bg2 O-O 6.O-O b6 7.Qc2 Nbd7 8.cxd5 Nxd5
9.a3 c5 10.Rd1 Bb7 11.dxc5 Rc8 12.b4 bxc5 13.b5 Qb6 14.e4 N5f6 15.Nc3 Rfd8
16.a4 a5 17.Bf4 c4 18.Be3 Bc5 19.Bxc5 Nxc5 20.Ne5 Nb3 21.Rxd8+ Rxd8 22.Rd1 Nd4
23.Qa2 Qc5 24.Qxc4 Qxe5 25.f4 Qd6 26.e5 Qb6 27.Bxb7 Nf3+ 28.Kg2 Rxd1 29.Nxd1 Qxb7
30.Qc6 Ne1+ 31.Kf1 Qxc6 32.bxc6 Nd5 33.Kxe1 Nb6 34.Nc3 Kf8 35.Kd2 Ke7 36.Kd3 Kd8
37.Kd4 Nc8 38.Kc5 f6 39.Ne4 fxe5 40.fxe5 h6 41.Nd6 Ne7 42.Nb7+ Kc7 43.Nxa5 Ng6
44.Nc4 Ne7 45.Nd6 Nxc6 46.Ne8+ Kd7 47.Nxg7 Nxe5 48.a5 Nc6 49.a6 Na7 50.h4 Nc8
51.Nh5 e5 52.Kd5 e4 53.Nf6+ Kc7 54.Nxe4 Kb6 55.Nd6 Na7 56.h5 Kxa6 57.Nf7 Nc8
58.Nxh6 Kb6 59.Ng8 Kc7 60.h6 Nd6 61.Ke6 Ne4 62.g4 Kd8 63.Kf5 Nd6+ 64.Kg6 Ke8
65.h7 Nf7 66.Kg7  1-0

[Event "XXI Open"]
[Site "Metz FRA"]
[Date "2003.04.23"]
[Round "5"]
[White "Savchenko,S"]
[Black "Ciuksyte,D"]
[Result "1-0"]
[WhiteElo "2559"]
[BlackElo "2375"]

1.d4 Nf6 2.Nf3 e6 3.g3 d5 4.Bg2 Be7 5.c4 O-O 6.O-O dxc4 7.Qc2 a6 8.Qxc4 b5
9.Qc2 Bb7 10.Bf4 Bd6 11.Rd1 Bxf4 12.gxf4 Qd6 13.Ne5 Bxg2 14.Kxg2 Nd5 15.e3 f6
16.Nf3 Nd7 17.Nbd2 e5 18.Ne4 Qe6 19.dxe5 fxe5 20.Neg5 Qg4+ 21.Kh1 N5f6 22.fxe5 h6
23.Rd4 Qh5 24.Rh4  1-0

[Event "5th Open"]
[Site "Dubai UAE"]
[Date "2003.04.25"]
[Round "6"]
[White "Izoria,Z"]
[Black "Dizdar,G"]
[Result "1/2-1/2"]
[WhiteElo "2569"]
[BlackElo "2514"]

1.c4 e6 2.Nf3 d5 3.d4 Nf6 4.g3 Be7 5.Bg2 O-O 6.O-O c6 7.Qc2 b6 8.Rd1 Nbd7
9.b3 Ba6 10.Nbd2 c5 11.e4 dxc4 12.Nxc4 cxd4 13.Nxd4 Rc8 14.Qe2 Qc7 15.Bf4 e5
16.Nf5 Rfe8 17.Bg5 Bxc4 18.bxc4 h6 19.Be3 Qxc4 20.Qf3 Bf8 21.Bh3 Re6 22.Nh4 Nc5
23.Bxe6 Qxe6 24.Qf5 Nfxe4 25.Qxe6 Nxe6 26.Rd7 Rc2 27.Rxa7 Bc5 28.Bxc5  1/2-1/2

[Event "Commonwealth Ch"]
[Site "Mumbai IND"]
[Date "2003.04.26"]
[Round "9"]
[White "Rausis,I"]
[Black "Reefat,S"]
[Result "1/2-1/2"]
[WhiteElo "2533"]
[BlackElo "2456"]

1.Nf3 Nf6 2.c4 e6 3.g3 d5 4.d4 Be7 5.Bg2 O-O 6.O-O Nbd7 7.Qc2 c6 8.Rd1 b6
9.b3 Ba6 10.a4 c5 11.Na3 Bb7 12.Bb2 Rc8 13.e3  1/2-1/2

[Event "City-ch w"]
[Site "St Petersburg RUS"]
[Date "2003.04.27"]
[Round "10"]
[White "Stjazhkina,O"]
[Black "Sudakova,I"]
[Result "1/2-1/2"]
[WhiteElo "2313"]
[BlackElo "2277"]

1.d4 d5 2.Nf3 Nf6 3.g3 e6 4.Bg2 Be7 5.c4 O-O 6.O-O c6 7.Nbd2 b6 8.Qc2 Bb7
9.e4 c5 10.exd5 exd5 11.dxc5 Bxc5 12.Nb3 Be7 13.cxd5 Bxd5  1/2-1/2

[Event "8th Cvitanovic Mem"]
[Site "Spilt CRO"]
[Date "2003.04.30"]
[Round "3"]
[White "Horvath,Jo"]
[Black "Saric,A"]
[Result "1/2-1/2"]
[WhiteElo "2507"]
[BlackElo "2365"]

1.d4 Nf6 2.c4 e6 3.g3 d5 4.Bg2 Be7 5.Nf3 O-O 6.Qc2 c5 7.O-O cxd4 8.Nxd4 Nc6
9.Nxc6 bxc6 10.b3 Bb7 11.Bb2 Qb6 12.Nc3 dxc4 13.Na4 Qa6 14.Qxc4 Qxc4 15.bxc4 Rfd8
16.Rab1 Rd7 17.Bc3 Rc8 18.Bb4 Ba6 19.Bxe7 Rxe7 20.Rfc1 c5 21.Rb3 Ne8 22.Nb2 Kf8
23.Rc2 Nf6 24.Ra3 Bb7 25.Nd3 Bxg2 26.Kxg2 Rb7 27.Ra5 Nd7 28.Rc3 Ke7 29.Rb3 Rxb3
30.axb3 Rc7 31.f4 Kd6 32.e4 Rb7 33.e5+ Kc6 34.Ra6+ Kc7 35.Ra3 Kb6 36.Kf2 Nb8
37.Ke3 Rd7 38.b4 cxb4 39.Nxb4 Kc5 40.Ra4 Nc6 41.Nd3+ Kb6 42.Kd2 Nd4 43.Kc3 Ne2+
44.Kc2 Nd4+ 45.Kc3 Ne2+ 46.Kc2 Nd4+  1/2-1/2

[Event "St Petersburg vs. Moscow"]
[Site "St Petersburg RUS"]
[Date "2003.05.03"]
[Round "1"]
[White "Ionov,S"]
[Black "Riazantsev,A"]
[Result "1/2-1/2"]
[WhiteElo "2541"]
[BlackElo "2534"]

1.d4 Nf6 2.Nf3 e6 3.g3 d5 4.Bg2 Be7 5.c4 O-O 6.O-O c6 7.Nc3 Nbd7 8.b3 b6
9.Bb2 Bb7 10.Qc2 Rc8 11.e4 dxe4 12.Nxe4 Nxe4 13.Qxe4 Qc7 14.Qe2 Bf6 15.Rad1 c5
16.dxc5 bxc5 17.Bxf6 Nxf6 18.Ne5 Bxg2 19.Kxg2 Rfd8 20.Qe3 h6 21.h3 Rd6 22.Rd3 Rxd3
23.Nxd3 Qa5 24.Ra1 Ne8 25.Qe5 Nf6 26.Qe3 Ne8  1/2-1/2

[Event "8th Cvitanovic Mem"]
[Site "Spilt CRO"]
[Date "2003.05.04"]
[Round "7"]
[White "Horvath,Cs"]
[Black "Brumen,D"]
[Result "1/2-1/2"]
[WhiteElo "2510"]
[BlackElo "2371"]

1.d4 Nf6 2.c4 e6 3.g3 d5 4.Nf3 Be7 5.Bg2 O-O 6.O-O dxc4 7.Qc2 a6 8.Qxc4 b5
9.Qc2 Bb7 10.Bd2 Be4 11.Qc1 Bb7 12.Bf4 Nc6 13.Rd1 Nd5 14.Nc3 Nxf4 15.gxf4 Nb4
16.Ne5 Bxg2 17.Kxg2 Bf6 18.Nf3 Qc8 19.Ne4 Nd5 20.e3 Qb7 21.Nc5 Qc6 22.Nd3 Qb7
23.Qc2 Be7 24.Rac1 Bd6 25.a3 f6 26.Nc5 Bxc5 27.Qxc5 Rad8 28.Kg3 Rf7 29.e4 Ne7
30.Re1 Rd6 31.Qc3  1/2-1/2

[Event "St Petersburg vs. Moscow"]
[Site "St Petersburg RUS"]
[Date "2003.05.05"]
[Round "2"]
[White "Sambuev,B"]
[Black "Lanin,A"]
[Result "1/2-1/2"]
[WhiteElo "2484"]
[BlackElo "2259"]

1.d4 Nf6 2.c4 e6 3.g3 d5 4.Bg2 Be7 5.Nf3 O-O 6.O-O Nbd7 7.Qc2 c6 8.b3 b5
9.Nbd2 bxc4 10.bxc4 Ba6 11.Re1 c5 12.Ne5 cxd4 13.Nc6 Qe8 14.cxd5 Nxd5 15.Qa4 Bd6
16.Qxa6 Nc5 17.Qc4 Qxc6 18.Ne4 Be7 19.Ba3 Qa4 20.Qxa4 Nxa4 21.Bxe7 Nxe7 22.Red1 e5
23.f4 f6 24.fxe5 fxe5 25.e3 Rad8 26.exd4 exd4 27.Rac1 Nf5 28.Rd2 Ne3 29.Bh3 h6
30.Be6+ Kh7 31.Bb3 Rc8 32.Re1 Nc3 33.Nf2 Rcd8 34.Nd1 Nexd1 35.Bxd1 Rfe8 36.Bc2+ Kh8
37.Rxe8+ Rxe8 38.a3 Rd8 39.h4 Kg8 40.Bd3 Kf7 41.Rb2 Rd7 42.Bf5 Rd5 43.Bd3 Ra5
44.Rb7+ Kf6 45.Rd7 Ra4 46.g4 Rxa3 47.Rxd4 Ra4 48.Rd6+ Ke5 49.Rg6 Kf4 50.g5 Ke3
51.gxh6 gxh6 52.Ba6 h5 53.Rg3+ Kd2 54.Rd3+ Kc2 55.Rd6 Ne4 56.Rh6 Ng3 57.Kf2 Ne4+
58.Ke3 Nc5 59.Rc6 Re4+ 60.Kf3 Re5 61.Kf4 Rd5 62.Rc7 Kc3  1/2-1/2

[Event "FSGM May"]
[Site "Budapest HUN"]
[Date "2003.05.12"]
[Round "10"]
[White "Prusikhin,M"]
[Black "Horvath,P1"]
[Result "1-0"]
[WhiteElo "2525"]
[BlackElo "2456"]

1.d4 d5 2.c4 e6 3.Nf3 Nf6 4.g3 Be7 5.Bg2 O-O 6.O-O dxc4 7.Nc3 Nc6 8.e3 Rb8
9.Qa4 Bd7 10.Qxc4 Na5 11.Qe2 b5 12.Ne5 Be8 13.Rd1 c5 14.dxc5 Qc7 15.Nd3 Bxc5
16.b3 Be7 17.Bb2 Bc6 18.e4 b4 19.Na4 Qb7 20.Nac5 Qb5 21.Rac1 Rfd8 22.Rc2 Ba8
23.Rdc1 Nc6 24.Qe3 Bxc5 25.Nxc5 e5 26.Bf1 Qa5 27.Na4 Rd6 28.f3 Qd8 29.Qc5 Rd1
30.Qf2 Rd6 31.Nc5 h6 32.Na6 Rb6 33.Bxe5 Nxe5 34.Rc8 Kh7 35.Rxd8 Rxd8 36.Nc7 Bb7
37.Rc5 Rd2 38.Rxe5 Rxf2 39.Kxf2 Rc6 40.Nd5 Rc2+ 41.Ke3 Bxd5 42.exd5 Rxa2
43.d6 a5 44.Bd3+ g6 45.Re7 Kg8 46.d7  1-0

[Event "22nd Mitropa Cup"]
[Site "Pula CRO"]
[Date "2003.05.17"]
[Round "1"]
[White "Flumbort,A"]
[Black "Zelcic,R"]
[Result "1-0"]
[WhiteElo "2439"]
[BlackElo "2540"]

1.Nf3 Nf6 2.c4 e6 3.g3 d5 4.d4 Be7 5.Bg2 O-O 6.O-O dxc4 7.Ne5 Nc6 8.Nxc6 bxc6
9.e3 Nd5 10.Qa4 Nb6 11.Qc2 Rb8 12.Rd1 Ba6 13.Nd2 Qe8 14.b3 c5 15.Bb2 cxd4
16.Bxd4 Rd8 17.Nxc4 c5 18.Be5 Bxc4 19.Rxd8 Qxd8 20.bxc4 Qc8 21.a4 Qa6 22.Bf1 Nd7
23.Bc3 Rb8 24.Rd1 Nf8 25.a5 Bf6 26.Be1 Ng6 27.Rb1 Qd6 28.Be2 Ne5 29.Rxb8+ Qxb8
30.Qe4 g6 31.f4 Nd7 32.Qc6 Nf8 33.Qxc5 g5 34.fxg5 Be5 35.Qb5 Qc7 36.c5 Ng6
37.c6 Qe7 38.Bf2 Qa3 39.Kg2 Bc7 40.a6 Bb6 41.e4 Bxf2 42.c7 Ne7 43.Kxf2 Kg7
44.Qe5+ Kg6 45.Qd4  1-0

[Event "22nd Mitropa Cup"]
[Site "Pula CRO"]
[Date "2003.05.20"]
[Round "4"]
[White "Tratar,M"]
[Black "Zelcic,R"]
[Result "1-0"]
[WhiteElo "2464"]
[BlackElo "2540"]

1.Nf3 Nf6 2.c4 e6 3.d4 d5 4.g3 Be7 5.Bg2 O-O 6.O-O dxc4 7.Qc2 a6 8.Qxc4 b5
9.Qc2 Bb7 10.Bf4 Nc6 11.Rd1 Rc8 12.a3 Na5 13.Nc3 Nd5 14.b4 Nxf4 15.gxf4 Nc4
16.Ne5 Bxg2 17.Kxg2 Nxe5 18.fxe5 Kh8 19.Qb3 c6 20.Ne4 Qe8 21.Rac1 Rc7 22.Rc3 a5
23.Rdc1 Qa8 24.Nc5 axb4 25.axb4 Ra7 26.e3 h6 27.Qd1 Bxc5 28.Rxc5 f6 29.exf6 Rxf6
30.Rxc6 Raf7 31.f4 Rg6+ 32.Kh1 Kh7 33.d5 Rff6 34.Qd3 Qa2 35.R6c2 Qxd5+ 36.Qxd5 exd5
37.Rd2 Rd6 38.Rc5 Ra6 39.Rcxd5 Ra4 40.R5d4 Ra1+ 41.Rd1 Rxd1+ 42.Rxd1 Re6
43.Rd5 Rxe3 44.Rxb5 Rb3 45.Kg2 Kg6 46.h4 h5 47.Rg5+ Kh6 48.b5 g6 49.Rc5 Kg7
50.f5 gxf5 51.Rxf5 Kg6 52.Rg5+ Kh6 53.Rc5 Kg6 54.Kf2 Rb4 55.Kg3 Rb3+ 56.Kf4 Rb4+
57.Ke5 Rxh4 58.Kd6 Rb4 59.Kc7 h4 60.b6 h3 61.b7 h2 62.Rc1 Kg5 63.Rh1 Rc4+
64.Kd6 Rb4 65.Kc6 Rc4+ 66.Kb5 Rc2 67.Rb1  1-0

[Event "28th Elekes Mem GM"]
[Site "Budapest HUN"]
[Date "2003.05.21"]
[Round "5"]
[White "Horvath,Jo"]
[Black "Burnett,R"]
[Result "1/2-1/2"]
[WhiteElo "2507"]
[BlackElo "2442"]

1.Nf3 d5 2.d4 e6 3.g3 Nf6 4.Bg2 Be7 5.c4 O-O 6.O-O dxc4 7.Ne5 Nc6 8.Bxc6 bxc6
9.Nxc6 Qe8 10.Nxe7+ Qxe7 11.Qa4 e5 12.dxe5 Qxe5 13.Qxc4 Be6 14.Qd3 Rfd8 15.Qe3 Qxe3
16.Bxe3 Rab8 17.b3 a5 18.Bg5 c5 19.Nc3 c4 20.bxc4 Bxc4 21.Rfd1 h6 22.Bxf6 gxf6
23.Rxd8+ Rxd8 24.Rc1 Be6 25.f3 Rd2 26.Kf2 Rb2 27.Ke3 Bc4 28.a3 Kg7 29.g4 Ba6
30.h3 Rb3 31.a4 Bc8 32.Kf4 Bd7 33.e4 Rb4 34.Rd1 Be6 35.h4 Rc4 36.Rd3 Rb4
37.Rd6 Rc4 38.Nb5 h5 39.gxh5 Rc1 40.Nd4 Bc8 41.h6+ Kxh6 42.Rxf6+ Kg7 43.Rc6 Rd1
44.Rd6 Rh1 45.Rd5 Rxh4+ 46.Ke3 Rh1 47.Rxa5 Ra1 48.Ra7 Bh3 49.a5 Bf1 50.Nf5+ Kg6
51.Nd6 Bg2 52.Nxf7 Kf6 53.Kf2 Bh1 54.Nh6 Kg5 55.Ng4 Ra2+ 56.Kg3 Rg2+ 57.Kh3 Ra2
58.Rg7+ Kh5 59.Kg3 Bxf3 60.Kxf3 Rxa5 61.Ne3 Kh6 62.Rg1  1/2-1/2

[Event "22nd Mitropa Cup"]
[Site "Pula CRO"]
[Date "2003.05.21"]
[Round "5"]
[White "Sebenik,M"]
[Black "Petrik,T"]
[Result "1-0"]
[WhiteElo "2423"]
[BlackElo "2387"]

1.d4 Nf6 2.c4 e6 3.g3 d5 4.Bg2 Be7 5.Nf3 O-O 6.Qc2 Nbd7 7.O-O c6 8.b3 b5
9.Bf4 bxc4 10.bxc4 Ba6 11.Nbd2 Qa5 12.Rfc1 Rac8 13.e4 dxe4 14.Nxe4 c5 15.Ne5 cxd4
16.Nxf6+ Nxf6 17.Nc6 Qa3 18.Qb3 Rfe8 19.Be5 d3 20.Bxf6 gxf6 21.Nxe7+ Qxe7
22.Qxd3 Red8 23.Qe4 Qc5 24.Qf4 Qd4 25.Qxd4 Rxd4 26.c5 Bc4 27.c6 Bd5 28.Bxd5 exd5
29.Rd1 Ra4 30.Rac1 d4 31.Rc2 Kf8 32.Kf1 Ke7 33.Ke2 Rc7 34.Kd3 Kd6 35.Rdc1 a6
36.f4 a5 37.g4 Rb4 38.Rc4 Rb5 39.Rxd4+ Ke7 40.Re4+ Kf8 41.Ke3 Rb4 42.Rxb4 axb4
43.Kd4 Ke7 44.Kc5 Kd8 45.Kd6 Ra7 46.Re1 h6 47.Re4 f5 48.gxf5  1-0

[Event "TCh-NOR"]
[Site "Asker NOR"]
[Date "2003.05.29"]
[Round "2"]
[White "Johannessen,LE"]
[Black "Royset,P"]
[Result "1/2-1/2"]
[WhiteElo "2527"]
[BlackElo "2252"]

1.d4 Nf6 2.c4 e6 3.g3 d5 4.Nf3 Be7 5.Bg2 O-O 6.O-O Nbd7 7.b3 c6 8.Nc3 a6
9.Bb2 b5 10.Nd2 bxc4 11.bxc4 Rb8 12.Qc2 a5 13.e4 dxc4 14.Rfd1 Nb6 15.Nf1 Ba6
16.Ne3 Qc7 17.Rab1 Nfd7 18.Na4 Nxa4 19.Qxa4 Bb5 20.Qc2 Nb6 21.Rdc1 Rfd8 22.h4 Bf6
23.e5 Be7 24.Ba1 Ba3 25.Rf1 c3 26.Rfe1 Ba4 27.Qd3 Bb5 28.Qc2 Ba4 29.Qd3 Bb5
30.Qc2 Ba4  1/2-1/2

[Event "TCh-NOR"]
[Site "Asker NOR"]
[Date "2003.05.29"]
[Round "2"]
[White "Gronn,A"]
[Black "Tallaksen,G"]
[Result "1-0"]
[WhiteElo "2310"]
[BlackElo "2285"]

1.c4 e6 2.g3 d5 3.Bg2 Nf6 4.Nf3 Be7 5.d4 O-O 6.O-O dxc4 7.Qc2 a6 8.a4 Bd7
9.Qxc4 Bc6 10.Bg5 Bd5 11.Qc2 Be4 12.Qd1 c5 13.Nbd2 Bc6 14.dxc5 Bxc5 15.Nb3 Be7
16.Qxd8 Rxd8 17.Na5 Bd5 18.Ne5 Bxg2 19.Kxg2 Nbd7 20.Nd3 Rdc8 21.Nxb7 Rab8
22.Na5 Nc5 23.Bf4 Ra8 24.Rfc1 Nxd3 25.exd3 Nd5 26.Nc6 Nxf4+ 27.gxf4 Bf6 28.d4 Kf8
29.Rc3 Rc7 30.Rac1 Ke8 31.Kf3 Rb7 32.R1c2 Rc8 33.Ke4 g6 34.b4 Be7 35.Rc4 Bd6
36.f3 Rcc7 37.d5 Bxb4 38.dxe6 fxe6 39.Ke5 Bf8 40.Kxe6 Rb6 41.f5 Re7+ 42.Kd5 Rd7+
43.Ke4 Bg7 44.f4 Rb1 45.Re2 Rf1 46.fxg6 hxg6 47.Ne5 Bxe5 48.fxe5 g5 49.Rec2 Ke7
50.h3 Rf4+ 51.Ke3 Ke6 52.Rxf4 gxf4+ 53.Ke4 a5 54.Rc6+ Ke7 55.Rf6 Rb7 56.Rxf4 Ke6
57.Rf6+ Ke7 58.Rd6 Rb3 59.Rd3 Rb4+ 60.Rd4 Rb3 61.h4 Ke6 62.Rd6+ Ke7 63.Rd3  1-0

[Event "4th IECC"]
[Site "Istanbul TUR"]
[Date "2003.05.30"]
[Round "1"]
[White "Filippov,Va"]
[Black "Jenni,F"]
[Result "0-1"]
[WhiteElo "2627"]
[BlackElo "2516"]

1.Nf3 Nf6 2.c4 e6 3.g3 d5 4.d4 Be7 5.Bg2 O-O 6.O-O dxc4 7.Ne5 Nc6 8.Bxc6 bxc6
9.Nxc6 Qd7 10.Nxe7+ Qxe7 11.Qa4 Qd6 12.Nc3 Qxd4 13.Be3 Qe5 14.Qxc4 Nd5 15.Bd4 Nb6
16.Qc5 Qxc5 17.Bxc5 Rd8 18.Rfd1 Bd7 19.b4 a6 20.a4 Be8 21.b5 Rxd1+ 22.Rxd1 axb5
23.Nxb5 Nxa4 24.Nxc7 Rc8 25.Bb4 Rxc7 26.Rd8 h5 27.Rxe8+ Kh7 28.f3 Nb6 29.Kf2 Rc2
30.h4 Nd5 31.Be1 Kg6 32.Ra8 f6 33.Ra3 e5 34.Rd3 Nc7 35.Bd2 Nb5 36.Be3 Kf5
37.Rd7 Nc3 38.Bd2 Ke6 39.Rd3 Nb5 40.Be3 g6 41.Ke1 e4  0-1

[Event "4th IECC"]
[Site "Istanbul TUR"]
[Date "2003.06.01"]
[Round "3"]
[White "Romero Holmes,A"]
[Black "Palo,D"]
[Result "0-1"]
[WhiteElo "2560"]
[BlackElo "2483"]

1.c4 Nf6 2.d4 e6 3.g3 d5 4.Bg2 Be7 5.Nf3 O-O 6.O-O dxc4 7.Qc2 a6 8.Qxc4 b5
9.Qc2 Bb7 10.Bf4 Nc6 11.Nbd2 Nxd4 12.Nxd4 Bxg2 13.Nxe6 fxe6 14.Kxg2 c5 15.Nf3 Qb6
16.Rad1 Rad8 17.b3 Rd5 18.Rc1 Rc8 19.e4 Rdd8 20.Bg5 Qb7 21.Qe2 h6 22.Bxf6 Bxf6
23.Rc2 Rc7 24.e5 Be7 25.Kh3 Rcd7 26.Nd2 Rd4 27.f4 Qd5 28.Rf2 Rd3 29.Qg4 Kh7
30.Nf3 c4 31.bxc4 bxc4 32.Ne1 Rd1 33.Qe2 Kh8 34.Ng2 Bc5 35.Rf1 Rd3 36.f5 exf5
37.Nf4 Qc6 38.Rxc4 Rd2 39.Rxc5 Qxc5 40.Qh5 Qc2 41.Rh1 Rf2 42.e6 Rxf4 43.e7 Rfd4
44.Rf1 Rg8 45.e8=Q Rd2 46.Qxg8+ Kxg8 47.Qxf5 Rxh2+ 48.Kg4 Qxf5+ 49.Kxf5 Rxa2
50.Rb1 Ra5+ 51.Kf4 Rg5 52.Rb7 Kf8 53.Ra7 a5 54.Rd7 Ke8 55.Rd4 Rb5 56.Kf3 Ke7
57.Kg2 Rb7  0-1

[Event "4th IECC"]
[Site "Istanbul TUR"]
[Date "2003.06.02"]
[Round "4"]
[White "Wells,P"]
[Black "Ipek,A"]
[Result "1-0"]
[WhiteElo "2487"]
[BlackElo "2254"]

1.d4 d5 2.c4 e6 3.Nf3 Nf6 4.g3 Be7 5.Bg2 O-O 6.O-O c6 7.Nc3 Nbd7 8.b3 b6
9.Nd2 b5 10.e4 dxc4 11.bxc4 bxc4 12.Nxc4 Ba6 13.Qa4 Qc8 14.Rd1 Nb6 15.Nxb6 axb6
16.Qb3 Rd8 17.Bg5 h6 18.Bxf6 gxf6 19.Rac1 Rb8 20.d5 c5 21.Bh3 c4 22.Qb2 Qc5
23.dxe6 Rxd1+ 24.Rxd1 Rd8 25.Rxd8+ Bxd8 26.Qd2 Qf8 27.exf7+ Kxf7 28.Qd5+ Kg7
29.Qa8 b5 30.Qxa6 b4 31.Nd5 c3 32.Qb7+ Qf7 33.Qxf7+ Kxf7 34.Nxb4 Ba5 35.Nc2  1-0

[Event "Master Open"]
[Site "Ploiesti ROM"]
[Date "2003.06.02"]
[Round "4"]
[White "Doncea,V"]
[Black "Oncel,I"]
[Result "0-1"]
[WhiteElo "2202"]
[BlackElo "2171"]

1.d4 Nf6 2.c4 e6 3.g3 d5 4.Bg2 Be7 5.Nf3 O-O 6.O-O dxc4 7.Qc2 a6 8.Qxc4 b5
9.Qc2 Bb7 10.Bd2 Nbd7 11.Ba5 Ra7 12.Nbd2 Qa8 13.b4 Rc8 14.Rac1 Ne4 15.Nb3 Nd6
16.Ne1 Bxg2 17.Nxg2 Nc4 18.Ne3 Ndb6 19.Qd3 Bd6 20.Rc2 Rb7 21.Bxb6 Nxe3 22.Qxe3 cxb6
23.Rfc1 Rbc7 24.Rxc7 Rxc7 25.Rxc7 Bxc7 26.Qc3 Bd6 27.f3 h6 28.Kf2 a5 29.bxa5 b4
30.Qc4 bxa5 31.Qb5 a4 32.Nc1 Qa7 33.Qc4 e5 34.e3 exd4 35.exd4 g6 36.Qc8+ Kg7
37.Qc4 Qa5 38.Ke2 Qh5 39.h4 Qa5 40.Kf2 b3 41.axb3 Qd2+ 42.Ne2 a3 43.Qc1 Bb4
44.Kf1 a2 45.Qa1 Qe1+  0-1

[Event "4th IECC"]
[Site "Istanbul TUR"]
[Date "2003.06.03"]
[Round "5"]
[White "Tkachiev,V"]
[Black "Delchev,A"]
[Result "1/2-1/2"]
[WhiteElo "2643"]
[BlackElo "2577"]

1.d4 Nf6 2.c4 e6 3.g3 d5 4.Nf3 Be7 5.Bg2 O-O 6.O-O dxc4 7.Qc2 a6 8.a4 Bd7
9.Qxc4 Bc6 10.Bf4 a5 11.Nc3 Na6 12.Rae1 Bd5 13.Qb5 Bc6 14.Qb3 Nb4 15.Rc1  1/2-1/2

[Event "Master Open"]
[Site "Ploiesti ROM"]
[Date "2003.06.04"]
[Round "6"]
[White "Doncea,V"]
[Black "Dobre,C"]
[Result "1-0"]
[WhiteElo "2202"]
[BlackElo "2166"]

1.d4 d5 2.c4 e6 3.g3 Nf6 4.Bg2 Be7 5.Nf3 O-O 6.O-O Nbd7 7.Qc2 c6 8.b3 b6
9.Rd1 Ba6 10.Nbd2 Rc8 11.e4 c5 12.exd5 exd5 13.Qf5 g6 14.Qh3 Ne4 15.Nxe4 dxe4
16.Ng5 Bxg5 17.Bxg5 Qxg5 18.Qxd7 Qf6 19.Bxe4 Rfe8 20.Re1 Re7 21.Qa4 Rce8
22.Qxa6 Rxe4 23.Rxe4 Rxe4 24.Qxa7 Re2 25.Qb8+ Kg7 26.Qf4 Qxf4 27.gxf4 cxd4
28.Rd1 Rxa2 29.Rxd4 Rb2 30.Rd3 Kf8 31.Re3 f6 32.Kg2 Kf7 33.Kf3 Kf8 34.h3 h5
35.Ke4 Rxf2 36.Rf3 Rxf3 37.Kxf3 g5 38.Ke4 Ke7 39.Kf5 g4 40.hxg4 h4 41.Ke4 f5+
42.Kf3 h3 43.g5  1-0

[Event "CCA Vermont Open"]
[Site "Stratton Mountain USA"]
[Date "2003.06.04"]
[Round "2"]
[White "Wojtkiewicz,A"]
[Black "Mulyar,M"]
[Result "1-0"]
[WhiteElo "2566"]
[BlackElo "2425"]

1.Nf3 Nf6 2.c4 e6 3.g3 d5 4.d4 Be7 5.Bg2 O-O 6.O-O c6 7.Qc2 Nbd7 8.Rd1 b6
9.Nc3 Bb7 10.b3 Rc8 11.e4 c5 12.exd5 exd5 13.Bb2 Qc7 14.Re1 Rfe8 15.cxd5 c4
16.Ne5 cxb3 17.Qxb3 a6 18.d6 Bxd6 19.Nxf7  1-0

[Event "IEWCC"]
[Site "Istanbul TUR"]
[Date "2003.06.05"]
[Round "4"]
[White "Sharevich,A"]
[Black "Ozturk,K"]
[Result "1-0"]
[WhiteElo "2252"]
[BlackElo "1948"]

1.d4 d5 2.Nf3 Nf6 3.c4 e6 4.g3 Be7 5.Bg2 O-O 6.O-O Nbd7 7.Qc2 c5 8.cxd5 Nxd5
9.Nc3 Nb4 10.Qb1 cxd4 11.Nxd4 Nc5 12.Rd1 Qc7 13.a3 Nc6 14.Ndb5 Qb8 15.b4 Nd7
16.Ne4 a6 17.Nbd6 Nf6 18.Nxf6+ Bxf6 19.Bb2 Bxb2 20.Qxb2 Rd8 21.Nc4 Qc7 22.Bxc6 bxc6
23.Qe5 Qe7 24.Nb6 Ra7 25.Qc5 Re8 26.Rd6 Rb7 27.Rad1 h6 28.Kg2 Rb8 29.a4 e5
30.e4 g6 31.f3 Be6 32.Rxc6 Qg5 33.h4 Qe7 34.a5 h5 35.Qxe7 Rxe7 36.Rdd6 Kg7
37.Kf2 Rbb7 38.Ke3 Bh3 39.Nd5 Red7 40.Rxa6 Be6 41.Rxd7 Rxd7 42.Rb6 Bxd5 43.exd5 Rxd5
44.a6 Rd1 45.Rb5  1-0

[Event "17th Open"]
[Site "Pula CRO"]
[Date "2003.06.07"]
[Round "9"]
[White "Horvath,Cs"]
[Black "Danilov,V"]
[Result "1/2-1/2"]
[WhiteElo "2510"]
[BlackElo "2360"]

1.d4 d5 2.c4 e6 3.Nf3 Nf6 4.g3 Be7 5.Bg2 O-O 6.O-O dxc4 7.Ne5 Nc6 8.Nxc6 bxc6
9.e3 Rb8 10.Qa4 Nd5 11.Nd2 c3 12.bxc3 Nxc3 13.Qxc6 Ne2+ 14.Kh1 Bb7 15.Qc4 Bxg2+
16.Kxg2 Nxc1 17.Rfxc1 c5 18.Nb3 Rb4 19.Qc3  1/2-1/2

[Event "4th IECC"]
[Site "Istanbul TUR"]
[Date "2003.06.08"]
[Round "9"]
[White "Filippov,Va"]
[Black "Sulskis,S"]
[Result "1/2-1/2"]
[WhiteElo "2627"]
[BlackElo "2578"]

1.Nf3 d5 2.d4 Nf6 3.c4 e6 4.g3 Be7 5.Bg2 O-O 6.O-O dxc4 7.Ne5 Nc6 8.Bxc6 bxc6
9.Nxc6 Qe8 10.Nxe7+ Qxe7 11.Qa4 c5 12.Qxc4 cxd4 13.Qxd4 h6 14.Nc3 e5 15.Qh4 Bb7
16.e4 Rfe8 17.f3 Qc5+ 18.Kg2 Rad8 19.g4 Rd3 20.g5 hxg5 21.Bxg5 Nh7 22.Rad1 Rd6
23.Rxd6 Qxd6 24.Be3 a6 25.Rd1 Qb4 26.Qf2 f5 27.Bc5 Qc4 28.Rd7 Bc8 29.Re7 Rxe7
30.Bxe7 fxe4 31.fxe4 Qd3 32.Qf3 Qd2+ 33.Qe2 Qd7 34.Qc4+ Kh8 35.Kf2 Qh3 36.Ke1 Bg4
37.Qxa6 Qe3+ 38.Ne2 Qxe4 39.Qb5 Nf6 40.Kd2 Nd5 41.Bc5 Bf5 42.a4 Kh7 43.Qb3 Nf4
44.Nxf4 exf4 45.a5 f3 46.Be3 Qh4 47.Qb6 Qe4 48.Qb3 Qe5 49.Qb6 Qe4 50.Qb3 Qe5
51.Qb6 Qe4 52.Qb3  1/2-1/2

[Event "FSIM June"]
[Site "Budapest HUN"]
[Date "2003.06.11"]
[Round "5"]
[White "Porat,I"]
[Black "Banusz,T"]
[Result "1/2-1/2"]
[WhiteElo "2132"]
[BlackElo "2259"]

1.d4 d5 2.c4 e6 3.Nf3 Nf6 4.g3 Be7 5.Bg2 O-O 6.Qc2 dxc4 7.Qxc4 a6 8.O-O b5
9.Qc2 Bb7 10.a4 Nbd7 11.Rd1 Qc8 12.axb5 axb5 13.Rxa8 Bxa8 14.Nc3 b4 15.Na4 Be4
16.Qc4 Bd5 17.Qd3 Be4 18.Qc4 Bd5 19.Qd3 Qa8 20.b3 c5 21.dxc5 Nxc5 22.Nxc5 Bxc5
23.Ne1 Bxg2 24.Nxg2 Ne4 25.Be3 Bxe3 26.Nxe3  1/2-1/2

[Event "4th IECC"]
[Site "Istanbul TUR"]
[Date "2003.06.12"]
[Round "12"]
[White "Iljushin,A"]
[Black "Olafsson,H"]
[Result "1-0"]
[WhiteElo "2556"]
[BlackElo "2473"]

1.d4 d5 2.c4 e6 3.Nf3 Nf6 4.g3 Be7 5.Bg2 O-O 6.O-O dxc4 7.Qc2 a6 8.a4 Bd7
9.Qxc4 Bc6 10.Bg5 Bd5 11.Qc2 Nc6 12.Bxf6 gxf6 13.e4 Nb4 14.Qe2 Bc6 15.Nc3 b6
16.Rfd1 Bb7 17.d5 Qe8 18.dxe6 fxe6 19.Nd4 Bc5 20.Nb3 Bd6 21.Qc4 Nc6 22.f4 Rb8
23.Rac1 a5 24.Nb5 Rd8  1-0